01739nam a22002897a 4500003000900000005001700009007000300026008004100029020001800070040002600088082003100114100002600145245018000171260004900351300006300400500005400463500007300517504003400590505050300624650003901127650007101166650006201237650002901299651004001328651004601368700003501414DO-SdBNP20260310104012.0ta220204b2021 cl abcd| |||| 00| 0 spa d a9789584929952 aDO-SdBNP bspacBNPHU 4a325.27294097293bC975u2221 aCuriel Pichardo, Ochy10aUn golpe de estado : b la sentencia 168-13 continuidades y discontinuidades del racismo en República Dominicana /cOchy Curiel Pichardo ; edición María Teresa Garzón. aBogota, Colombia : bEn la Frontera, c2021. a359 p. : bil., cuadros, fots., gráfs. , mapa; c23 cm.  aIncluye datos biográficos de la autora : p. 361 aIncluye referencias bibliográficas y notas al pie de las páginas aBibliografía : p. 317-348 0 aAgradecimientos --tIntroducción --gCapítulo 1.tUna isla, dos Estados nacionales -- gCapítulo 2.tLos bateyes: apartheid en territorio nacional --gCapítulo 3.tLa Sentencia 168: un golpe de estado para dejar morir -- gCapítulo 4.tEl plan de regularización: apartheid jurídico y administrativo -- gCapítulo 5.tPoder y discurso: los periódicos dominicanos -- gCapítulo 6.t “Hay resistencia porque hay poder” --tConclusiones finales -- tBibliografía --tAnexo -- 4aCiudadaniazRepública Dominicana 4aHijos de no ciudadanos xSituación legalzRepública Dominicana 4aHaitianos en República DominicanaxCondiciones sociales 0aDiscriminación racial  4aHaitixEmigración e inmigración 4aRepública DominicanaxRelacioneszHaiti1 aGarzón, María Teresa,eed.